000 00344nam a2200145Ia 4500
008 230917s9999||||xx |||||||||||||| ||und||
040 _e103674
_aMAIN
041 _aEnglish
082 _a301.412 R812H
100 _aRoy, Ashine
245 0 _aHuman rights of women
260 _aNew Delhi
_bRajat
_c2003
300 _avi, 302 p.
942 _cBK
999 _c115668
_d115668